000 00282nam a2200121Ia 4500
100 _aLincoln Electric
942 _cBK
654 _aArc Welding
245 _aProcedure handbook of Arc Welding
260 _bLincoln Electric & co
_aOhio
_c1973
082 _a671.5
546 _aENGLISH
999 _c33849
_d33849